000 00215nam a22000857a 4500
008 160630b xxu||||| |||| 00| 0 eng d
100 _91620
_a Kapoor, S.K
245 _aVedic Mathematics
260 _aNew Delhi
_bLotus Press
999 _c1346
_d1346